000 01566nam0a2200349 i 4500
001 RU\NLR\BIBL_A\011100740
005 20241105191236.0
010 _a9785990665811
_950
021 _aRU
_b2016-20489
_91299
035 _a(NILC)RuMoRGB-008245706
035 _a(NLR Aleph) 011100740
090 _a11418893
_c11418893
100 _a20160413d2015 km y0rusy50 ca
101 0 _arus
102 _aRU
105 _ay|||c|||001yy
200 1 _aОб обелиске "Центр Азии"
_eбиблиографический указатель
_fМуницип. бюджет. учреждение культуры г. Кызыла "Централиз. библ. система" фил. им. Сергея Есенина
_g[сост. З.О. Тагба]
210 _aКызыл
_cАныяк
_d2015
215 _a24 с.
_d20
320 _aИмен. указ.: с. 20-22
607 _a"Центр Азии", обелиск (Кызыл, город; Тува)
_jБиблиография
_92285992
_3RU\NLR\AUTH\6601597204
675 _a73
686 1 _aЩ133(2Р=Ту)7-7
702 1 _aТагба
_bЗ. О.
_4220
712 0 2 _4570
_aЦентрализованная библиотечная система
_bФилиал им. С. А. Есенина
_cКызыл
_9516299
_3RU\NLR\AUTH\880425878
801 0 _aRU
_bРГБ
_c20160316
_gRCR
801 1 _aRU
_bРГБ
_c20160316
_2rusmarc
942 _cBOOK
980 _aNBR